000 00637nam a22002057a 4500
005 20170124110257.0
010 _a031351
020 _c00.00
035 _a031351
037 _bCen Lib/Ret
040 _aDPL
_bEN
082 _a659.14
_bART
245 _aArt directors club-toronto 3rd annual of advertising and editorial art 1951 /
260 _aCanada
_bBurns and MacEachern, Toronto, Canada
_c1951
270 _bCanada
300 _avarious paginig.
_c21cm(Hb)
650 _aAdvertising--Brand name products
_9142227
650 _aAdvertising--Psychological aspects
_9142228
942 _2ddc
_cEN
_h659.14
_mART
999 _c136333
_d136333